000 00525nam a2200229Ia 4500
003 IT-RoPAU
008 120407s9999 xx 000 0 und d
040 _aIT-RoPAU
040 _cIT-RoPAU
041 _aita
100 _aAndré Chouraqui
245 _aForte come la morte è l’amore. Una autobiografia
250 _aCinisello Balsamo
260 _aSan Paolo Edizioni
260 _c1994
300 _a537 p.
300 _c22 cm
490 _aTempi e figure, 19
490 _v1
942 _cBK
999 _c35573
_d35573